000
00239nam a2200097Ia 4500
005
20251222114342.0
008
251222s1900||||xx |||||||||||||| ||spa||
082
_a
DVD0080/C27
245
0
_a
Cascía: una historia de poder y pasión:
942
_c
DVD
999
_c
897
_d
897